Investiční majetek v pojetí směrné účtové osnovy platné od roku 1947.
Vysvetlenie podstaty ekonomickej kategórie investičného majetku. Členenie investičného majetku a spôsoby jeho oceňovania. Odpisovanie investičného majetku a jeho vyraďovanie z používania. Účty, určené pre vedenie účtovníctva o investičnom majetku.
Gespeichert in:
| 1. Verfasser: | |
|---|---|
| Format: | Buchkapitel |
| Sprache: | Tschechisch |
| Schlagworte: | |
| Tags: |
Keine Tags, Fügen Sie das erste Tag hinzu!
|
MARC
| LEADER | 00000naa a2200000 4500 | ||
|---|---|---|---|
| 001 | r008127 | ||
| 005 | 20220831085408.9 | ||
| 041 | 0 | |a cze | |
| 044 | |a [CS] | ||
| 245 | 1 | 0 | |a Investiční majetek v pojetí směrné účtové osnovy platné od roku 1947. |c J. Lehkoživ |
| 520 | |a Vysvetlenie podstaty ekonomickej kategórie investičného majetku. Členenie investičného majetku a spôsoby jeho oceňovania. Odpisovanie investičného majetku a jeho vyraďovanie z používania. Účty, určené pre vedenie účtovníctva o investičnom majetku. | ||
| 610 | 2 | 0 | |a účtovníctvo |
| 610 | 2 | 0 | |a osnova účtová |
| 610 | 2 | 0 | |a oceňovanie |
| 610 | 2 | 0 | |a odpisy |
| 610 | 2 | 0 | |a prostriedky základné |
| 100 | 1 | |a Lehkoživ, J. | |